Le titre est dans les paroles #4 (RAP FR) - Statistiques

Statistiques générales
  • Ce quiz a été pris 410 fois
  • Le résultat moyen est 6 sur 15
Statistiques - réponses
Hint Réponse % Correct
Un jour, j'serai une superstar J'serai connu de Paname à ___ _______ Ils ont pas voulu faire ma place M'en voudront si demain, c'est moi qui les délaisse Los Angeles (Siaka)
94%
_____, c'est magique, j'aime trop ma ville, ça bouge de tous les côtés Grosse bécane levée sur le périph', la bavette, elle est frottée Paris (Nono La Grinta)
83%
J'ai pété l'trois fois ______, c'est pas du narguilé ('lé) Trop d'bouteilles j'ai enquillé, j'sais même plus l'heure qu'il est (pouah) Une fois, deux fois, trois fois ______, j'vais la démaquiller (ah) Avec eux, faut pas feater, c'est pas des aspirés, bah ouais Filtré (Timal ft Gazo)
71%
____ ____, j'avais les mots J'l'ai rendu accro Elle s'voyait déjà Passer sa vie dans mes bras Pour elle (SDM)
58%
En plein milieu du cortège J'suis tombé dans l'piège du regard de _____ Comment tu veux qu'elle me remarque sans faire de mala? Malya (AMK)
47%
Quand j'suis ____ ___Y'a un tas de choses que j'oublie Roule avec moi Dans l'gamos, dans la ville Avec toi (OBOY)
44%
Tard le soir peu d'espoir Car il n'fait pas très beau Quand j'vais mal Je ne me soigne Qu'avec des ________ Placebo (Dinos)
39%
T'es mon diamant, t'es ma _______Moi j'souris jamais, j'sors en commando Y a qu'un seul capitaine sur le bateau Et s'il coule, qui protégera mon dos? Collabo (Ninho ft Niska)
34%
Clic, clac, __-__-___
La vie n'est plus qu'un souvenir, t'es partie pour ne plus revenir
Du mal à vérifier si mon cœur est bien en place
Dis-moi la vérité, celle quand les yeux sont en face
Pa Pa Paw (Damso ft SARAH SEY)
32%
Entre nous y'a ______ _______, On fait nos bails au final Apparemment ça te convient pas Alors chacun fait sa life Aucune attache (KeBlack)
29%
Elle m'harcèle au bigo mais moi, j'suis sur ____ _____ le soir Elle croit qu'c'est la seule, mais y a toutes ses copines qui veulent me voir Mode avion (Favé)
22%
C'est ___ ________ _______P't-être même que c'est qu'un rêve Toi tu veux pas comprendre Mais tu veux qu'ils te comprennent UNE HISTOIRE ETRANGE (Laylow)
16%
Si gagner t'parait simple, j'te pose des kilos d'pureIls ont bloqué l'ascenseur, donc on a dû sauter l'mur J'sais même plus c'qui m'anime, tout est gris, comme le béton Rancunier mais tout passe, au final, comme les _______ Saison (HMZ ft Werenoi)
11%
C'est toi, mon bébé Celle dont j'ai tant rêvé Celle qui m'connaît le mieux __ _____ ___ _'____ ____ __ ____ La seule qui m'aime pour de vrai(Jok'air)
5%
Vais-je t'oublier Ou ça finira toujours comme ça? À devoir _____ _ ______ à cause de toi Aimer à moitié (Calema ft Tayc)
2%
Aucun quiz correspondant
Distribution des résultats
% des personnes avec chaque résultat
Percentile par nombre de réponses
Votre historique - résultats
Vous n’avez pas pris ce quiz